[Event "GER-chT Online Liga 1 GpC"]
[Site "Playchess.com INT"]
[Date "2021.03.18"]
[Round "6.1"]
[White "Haskamp, Stephan"]
[Black "Braun, Christian1111"]
[Result "1-0"]
[WhiteElo "2281"]
[BlackElo "2409"]
[PlyCount "37"]
[EventDate "2021.01.21"]
[EventType "team-tourn (rapid)"]
[EventRounds "7"]
[EventCountry "GER"]
[SourceTitle "EXT 2022"]
[Source "ChessBase"]
[SourceDate "2021.10.06"]
[SourceVersion "1"]
[SourceVersionDate "2021.10.06"]
[SourceQuality "1"]
[WhiteTeam "Osnabrueck SG"]
[BlackTeam "Porz SG"]
[WhiteTeamCountry "GER"]
[BlackTeamCountry "GER"]

1. e4 e6 2. d4 d5 3. Bd3 dxe4 4. Bxe4 Nf6 5. Bf3 c5 6. Ne2 Nc6 7. Be3 cxd4 8. Nxd4 Ne5 9. Nc3 Be7 10. Qe2 0-0 11. 0-0-0 Nxf3 12. Nc6 Qc7 13. Nxe7+ Qxe7 14. gxf3 Nd5 15. Nxd5 exd5 16. Rhg1 Bf5 17. Rxg7+ Kxg7 18. Bd4+ Qf6 19. Bxf6+ 1-0

[Event "GER-chT Online Liga 1 GpC"]
[Site "Playchess.com INT"]
[Date "2021.02.12"]
[Round "3.1"]
[White "Plischki, Sebastian"]
[Black "Haskamp, Stephan"]
[Result "1-0"]
[WhiteElo "2352"]
[BlackElo "2281"]
[PlyCount "71"]
[EventDate "2021.01.21"]
[EventType "team-tourn (rapid)"]
[EventRounds "7"]
[EventCountry "GER"]
[SourceTitle "EXT 2022"]
[Source "ChessBase"]
[SourceDate "2021.10.06"]
[SourceVersion "1"]
[SourceVersionDate "2021.10.06"]
[SourceQuality "1"]
[WhiteTeam "Rinteln"]
[BlackTeam "Osnabrueck SG"]
[WhiteTeamCountry "GER"]
[BlackTeamCountry "GER"]

1. d4 g6 2. c4 Bg7 3. Nf3 c5 4. d5 d6 5. Nc3 Bxc3+ 6. bxc3 f5 7. g3 Nf6 8. Bg2 Qa5 9. Nd2 Nbd7 10. 0-0 0-0 11. Re1 Ne5 12. Qb3 Qa6 13. f4 Neg4 14. e3 Re8 15. h3 Nh6 16. e4 e5 17. fxe5 dxe5 18. Qb5 Qxb5 19. cxb5 Nf7 20. exf5 Bxf5 21. c4 a6 22. g4 Bd3 23. Re3 e4 24. Bb2 Ne5 25. a4 axb5 26. axb5 Rxa1+ 27. Bxa1 Kf7 28. g5 Nh5 29. Bxe5 Rxe5 30. Bxe4 Rxg5+ 31. Kf2 Bxe4 32. Nxe4 Rf5+ 33. Kg1 Re5 34. Nd6+ Kf6 35. Rf3+ Kg5 36. Nf7+ 1-0

[Event "Oberliga Ost-A 0809"]
[Site "Germany"]
[Date "2008.10.12"]
[Round "1.2"]
[White "Haskamp, Stephan"]
[Black "Hillmann, Michael"]
[Result "1/2-1/2"]
[WhiteElo "2290"]
[BlackElo "2116"]
[PlyCount "73"]
[EventDate "2008.10.12"]
[EventType "team-tourn"]
[EventRounds "11"]
[EventCountry "GER"]
[SourceTitle "EXT 2010"]
[Source "ChessBase"]
[SourceDate "2010.11.25"]
[SourceVersion "1"]
[SourceVersionDate "2010.11.25"]
[SourceQuality "1"]
[WhiteTeam "Jena Jenapharm"]
[BlackTeam "Sangerhausen"]
[WhiteTeamCountry "GER"]
[BlackTeamCountry "GER"]

1. g3 f5 2. Bg2 Nf6 3. Nf3 g6 4. d3 Bg7 5. c4 d6 6. Nc3 Nc6 7. Rb1 a5 8. a3 0-0 9. b4 axb4 10. axb4 e5 11. b5 Ne7 12. Qb3 Kh8 13. 0-0 Rb8 14. c5 b6 15. cxd6 cxd6 16. Ra1 h6 17. Ra7 Bd7 18. Qa3 Ne8 19. Bb2 Nc8 20. Nh4 Kh7 21. Rb7 Rxb7 22. Bxb7 Qc7 23. Bg2 Nf6 24. Rc1 Qb8 25. Qa8 Qxa8 26. Bxa8 Na7 27. Bb7 Nxb5 28. Nxb5 Bxb5 29. Ba3 Rd8 30. Rb1 Be8 31. Rxb6 Bf8 32. Bg2 Kg7 33. Nf3 Bf7 34. Rb7 Rd7 35. Rb8 Be7 36. Nd2 d5 37. Bxe7 1/2-1/2

[Event "Oberliga Ost-A 0708"]
[Site "Germany"]
[Date "2008.04.20"]
[Round "11.1"]
[White "Haskamp, Stephan"]
[Black "Stolz, Mike"]
[Result "1/2-1/2"]
[WhiteElo "2298"]
[BlackElo "2365"]
[PlyCount "102"]
[EventDate "2007.09.23"]
[EventType "team-tourn"]
[EventRounds "11"]
[EventCountry "GER"]
[SourceTitle "EXT 2009"]
[Source "ChessBase"]
[SourceDate "2008.11.26"]
[SourceVersion "1"]
[SourceVersionDate "2008.11.26"]
[SourceQuality "1"]
[WhiteTeam "Jena Jenapharm"]
[BlackTeam "Magdeburg Rochade"]
[WhiteTeamCountry "GER"]
[BlackTeamCountry "GER"]

1. e4 e6 2. d4 d5 3. Nd2 Nf6 4. Bd3 c5 5. dxc5 Bxc5 6. Qe2 0-0 7. e5 Nfd7 8. Ndf3 Be7 9. h4 f5 10. Nh3 Nc5 11. g3 Bd7 12. 0-0 Be8 13. Nf4 Nc6 14. Bd2 Qd7 15. c4 Nxd3 16. Qxd3 dxc4 17. Qxc4 Bf7 18. Bc3 h6 19. Rfd1 Qc8 20. h5 Qe8 21. Kg2 Bg5 22. Nxg5 hxg5 23. Nh3 b5 24. Qxb5 Bxh5 25. Nxg5 Bxd1 26. Rxd1 f4 27. Qc4 Nd8 28. Rxd8 Rxd8 29. Qxe6+ Qxe6 30. Nxe6 fxg3 31. Nxf8 Rxf8 32. Kxg3 Kf7 33. Kf3 Ke6+ 34. Ke3 Kd5 35. b3 g6 36. f3 Rh8 37. Kf4 Rh2 38. Kg5 Rxa2 39. Kxg6 Ke6 40. Kg5 Ra3 41. f4 Rxb3 42. f5+ Kd5 43. Ba1 a5 44. e6 Kd6 45. Kf6 Re3 46. Kf7 a4 47. Bd4 Re4 48. Bg7 a3 49. Bf8+ Ke5 50. Bxa3 Kxf5 51. e7 Rxe7+ 1/2-1/2

[Event "Oberliga Ost-A 0708"]
[Site "Germany"]
[Date "2008.04.06"]
[Round "9.1"]
[White "Malich, Burkhard"]
[Black "Haskamp, Stephan"]
[Result "1-0"]
[WhiteElo "2393"]
[BlackElo "2298"]
[PlyCount "61"]
[EventDate "2007.09.23"]
[EventType "team-tourn"]
[EventRounds "11"]
[EventCountry "GER"]
[SourceTitle "EXT 2009"]
[Source "ChessBase"]
[SourceDate "2008.11.26"]
[SourceVersion "1"]
[SourceVersionDate "2008.11.26"]
[SourceQuality "1"]
[WhiteTeam "Naumburg"]
[BlackTeam "Jena Jenapharm"]
[WhiteTeamCountry "GER"]
[BlackTeamCountry "GER"]

1. d4 d6 2. Nf3 g6 3. c4 Bg7 4. Nc3 Nd7 5. e4 e5 6. Be2 Ngf6 7. 0-0 0-0 8. Re1 c6 9. Bf1 exd4 10. Nxd4 Nc5 11. Nb3 Qe7 12. f3 Be6 13. Be3 Nfd7 14. Nd4 a5 15. Qd2 Ne5 16. b3 Rad8 17. Rad1 Rfe8 18. Kh1 Bc8 19. h3 h5 20. Bg5 Bf6 21. Bxf6 Qxf6 22. a3 g5 23. b4 axb4 24. axb4 Na6 25. Nb1 Kh8 26. Re3 Rg8 27. Be2 Rg6 28. Rf1 Qf4 29. Nc2 Nc7 30. Ra3 Ne6 31. Ne3 1-0

[Event "Oberliga Ost-A 0708"]
[Site "Germany"]
[Date "2007.11.25"]
[Round "4.1"]
[White "Feige, Manuel"]
[Black "Haskamp, Stephan"]
[Result "1-0"]
[WhiteElo "2421"]
[BlackElo "2298"]
[PlyCount "71"]
[EventDate "2007.09.23"]
[EventType "team-tourn"]
[EventRounds "11"]
[EventCountry "GER"]
[SourceTitle "EXT 2009"]
[Source "ChessBase"]
[SourceDate "2008.11.26"]
[SourceVersion "1"]
[SourceVersionDate "2008.11.26"]
[SourceQuality "1"]
[WhiteTeam "Chemnitz"]
[BlackTeam "Jena Jenapharm"]
[WhiteTeamCountry "GER"]
[BlackTeamCountry "GER"]

1. d4 d6 2. c4 e5 3. Nf3 Nd7 4. Nc3 g6 5. e4 Bg7 6. Be2 c6 7. 0-0 Nh6 8. d5 c5 9. Ng5 0-0 10. g3 Kh8 11. Be3 Ng8 12. f4 exf4 13. gxf4 Qe7 14. Bd3 h6 15. Nf3 Bxc3 16. bxc3 f5 17. e5 dxe5 18. fxe5 f4 19. Bf2 Nxe5 20. Nxe5 Qxe5 21. Bxc5 Qg5+ 22. Kh1 Bg4 23. Be2 Bxe2 24. Qxe2 Rf7 25. Bd6 Rf5 26. Qe6 Qh5 27. Rae1 Nf6 28. Be5 Rf8 29. d6 f3 30. Qe7 Kg8 31. d7 Qg4 32. Qxf8+ Kxf8 33. d8Q+ Kf7 34. Qc7+ Kg8 35. Qb8+ Kf7 36. Bg3 1-0

[Event "Bundesliga 0304"]
[Site "Germany"]
[Date "2004.04.25"]
[Round "15.3"]
[White "Appel, Ralf"]
[Black "Haskamp, Stephan"]
[Result "1-0"]
[WhiteElo "2513"]
[BlackElo "2308"]
[PlyCount "67"]
[EventDate "2003.11.01"]
[EventType "team-tourn"]
[EventRounds "15"]
[EventCountry "GER"]
[SourceTitle "CBM 101"]
[Source "ChessBase"]
[SourceDate "2004.07.27"]
[SourceVersion "1"]
[SourceVersionDate "2004.07.27"]
[SourceQuality "1"]
[WhiteTeam "Wattenscheid"]
[BlackTeam "Plauen Koenig"]
[WhiteTeamCountry "GER"]
[BlackTeamCountry "GER"]

1. Nf3 g6 2. c4 Bg7 3. Nc3 d6 4. d4 Nd7 5. e4 e5 6. Be2 Ngf6 7. 0-0 0-0 8. Be3 Qe7 9. dxe5 dxe5 10. Qc2 c6 11. Rad1 Ng4 12. Bg5 f6 13. Bc1 f5 14. h3 Nh6 15. a3 f4 16. b4 g5 17. c5 g4 18. hxg4 Nxg4 19. Rd6 Ndf6 20. b5 Ne8 21. Rfd1 Nxd6 22. cxd6 Qe8 23. bxc6 bxc6 24. Na4 Bf6 25. Nc5 Bd7 26. Bd2 Kh8 27. Bc4 Bd8 28. Bc3 Bf6 29. Rb1 Bc8 30. Qd2 Qg6 31. d7 Bxd7 32. Qxd7 Rg8 33. Bxg8 Rxg8 34. Qf5 1-0

[Event "Bundesliga 0304"]
[Site "Germany"]
[Date "2004.04.24"]
[Round "14.3"]
[White "Haskamp, Stephan"]
[Black "Naumann, Alexander"]
[Result "1/2-1/2"]
[WhiteElo "2308"]
[BlackElo "2518"]
[PlyCount "90"]
[EventDate "2003.11.01"]
[EventType "team-tourn"]
[EventRounds "15"]
[EventCountry "GER"]
[SourceTitle "CBM 101"]
[Source "ChessBase"]
[SourceDate "2004.07.27"]
[SourceVersion "1"]
[SourceVersionDate "2004.07.27"]
[SourceQuality "1"]
[WhiteTeam "Plauen Koenig"]
[BlackTeam "Solingen"]
[WhiteTeamCountry "GER"]
[BlackTeamCountry "GER"]

1. e4 c6 2. d3 d5 3. Nd2 e5 4. Ngf3 Bd6 5. g3 Ne7 6. Bg2 0-0 7. 0-0 Ng6 8. d4 exd4 9. Nxd4 dxe4 10. Nxe4 Be7 11. h4 h6 12. c3 Na6 13. Qh5 Qd7 14. Bxh6 c5 15. Nf3 Qf5 16. Bg5 Qxe4 17. Rfe1 Qf5 18. g4 Qxg4 19. Qxg4 Bxg4 20. Bxe7 Rfe8 21. Bd6 Rxe1+ 22. Rxe1 Rd8 23. Bg3 b6 24. Re4 Bd7 25. h5 Nf8 26. Ne5 Be8 27. Bf1 Nb8 28. Be2 Nc6 29. Nc4 Bd7 30. Nd6 Be6 31. Bb5 Ne7 32. a3 Nh7 33. Be2 Nf6 34. Re3 Kf8 35. Kf1 Bg4 36. Bxg4 Nxg4 37. Re4 Nf6 38. Rh4 Kg8 39. Ke2 Rd7 40. Ke1 Nc6 41. b4 cxb4 42. cxb4 Kh7 43. Kf1 Re7 44. Rc4 Nd8 45. Nc8 Rb7 1/2-1/2

[Event "Bundesliga 0304"]
[Site "Germany"]
[Date "2003.11.23"]
[Round "4.5"]
[White "Krasenkow, Michal"]
[Black "Haskamp, Stephan"]
[Result "1-0"]
[WhiteElo "2597"]
[BlackElo "2308"]
[PlyCount "57"]
[EventDate "2003.11.01"]
[EventType "team-tourn"]
[EventRounds "15"]
[EventCountry "GER"]
[SourceTitle "CBM 097 Extra"]
[Source "ChessBase"]
[SourceDate "2004.01.13"]
[SourceVersion "1"]
[SourceVersionDate "2004.01.13"]
[SourceQuality "1"]
[WhiteTeam "Baden Oos"]
[BlackTeam "Plauen Koenig"]
[WhiteTeamCountry "GER"]
[BlackTeamCountry "GER"]

1. d4 d6 2. c4 e5 3. Nf3 Nd7 4. e4 Ngf6 5. Nc3 g6 6. Be2 Bg7 7. 0-0 0-0 8. Qc2 Qe7 9. Rd1 c6 10. d5 cxd5 11. cxd5 Ne8 12. Nb5 Ndf6 13. a4 Bd7 14. Nd2 Ng4 15. Nc4 h5 16. f3 Nh6 17. Be3 f5 18. Bxa7 f4 19. Nb6 Rd8 20. Nxd7 Rxd7 21. Rdc1 g5 22. Qd1 Nf6 23. Bb6 g4 24. Nc7 g3 25. h3 Nh7 26. Ne6 Nf7 27. Bb5 Nhg5 28. Bxd7 Qxd7 29. Rc7 1-0

[Event "Bundesliga 0304"]
[Site "Germany"]
[Date "2003.11.01"]
[Round "1.4"]
[White "Wahls, Matthias"]
[Black "Haskamp, Stephan"]
[Result "1-0"]
[WhiteElo "2546"]
[BlackElo "2308"]
[PlyCount "80"]
[EventDate "2003.11.01"]
[EventType "team-tourn"]
[EventRounds "15"]
[EventCountry "GER"]
[SourceTitle "EXT 2004"]
[Source "ChessBase"]
[SourceDate "2003.11.25"]
[SourceVersion "1"]
[SourceVersionDate "2003.11.25"]
[SourceQuality "1"]
[WhiteTeam "Hamburger SK"]
[BlackTeam "Plauen Koenig"]
[WhiteTeamCountry "GER"]
[BlackTeamCountry "GER"]

1. c4 g6 2. Nc3 Bg7 3. g3 c5 4. Bg2 Nc6 5. a3 e6 6. b4 Nxb4 7. axb4 cxb4 8. Nb5 Bxa1 9. Qa4 Bf6 10. d4 a6 11. Nd6+ Kf8 12. Qxb4 Kg7 13. Nf3 Be7 14. c5 Bxd6 15. cxd6 b5 16. Bb2 f6 17. Nd2 a5 18. Qxb5 Ba6 19. Qa4 Rb8 20. Bc3 Rc8 21. Qa1 a4 22. 0-0 Nh6 23. Ne4 Nf7 24. Re1 Bb7 25. d5 e5 26. f4 Bxd5 27. fxe5 Bxe4 28. exf6+ Kh6 29. Bxe4 Qb6+ 30. Bd4 Qxd6 31. Rd1 Qe6 32. Bd5 Qxe2 33. Re1 Qd3 34. Bxf7 Rc2 35. Bd5 Rhc8 36. Be4 Qb3 37. Bxc2 Rxc2 38. Be3+ g5 39. f7 Qd5 40. Qf6+ Kh5 1-0

[Event "Bundesliga 0203"]
[Site "Germany"]
[Date "2002.12.13"]
[Round "7.7"]
[White "Enders, Peter"]
[Black "Haskamp, Stephan"]
[Result "1-0"]
[WhiteElo "2524"]
[BlackElo "2318"]
[PlyCount "97"]
[EventDate "2002.10.19"]
[EventType "team-tourn"]
[EventRounds "15"]
[EventCountry "GER"]
[SourceTitle "CBM 093"]
[Source "ChessBase"]
[SourceDate "2003.04.01"]
[SourceVersion "1"]
[SourceVersionDate "2003.04.01"]
[SourceQuality "1"]
[WhiteTeam "Erfurt"]
[BlackTeam "Plauen Koenig"]
[WhiteTeamCountry "GER"]
[BlackTeamCountry "GER"]

1. e4 g6 2. Nf3 Bg7 3. d4 d6 4. Bc4 e6 5. Bb3 Ne7 6. h4 h6 7. Nc3 Nd7 8. Be3 a6 9. Ne2 Nf6 10. Ng3 b6 11. c3 Bb7 12. Nd2 h5 13. f3 Bh6 14. Bxh6 Rxh6 15. Qe2 Rh7 16. 0-0-0 Nc6 17. f4 Na5 18. Bc2 Qe7 19. Nf3 0-0-0 20. Bd3 b5 21. b4 Nc4 22. Bxc4 bxc4 23. Qxc4 d5 24. Qe2 Nxe4 25. Nxe4 dxe4 26. Ng5 f5 27. Nxh7 Qxh7 28. Kb2 Rd6 29. c4 Qd7 30. Kc3 Qa4 31. Qc2 Qd7 32. Rhe1 Qd8 33. g3 a5 34. b5 c6 35. c5 Rd5 36. b6 Qh8 37. Kb3 Rxd4 38. Rxd4 Qxd4 39. Qc3 a4+ 40. Kb2 e5 41. fxe5 Qf2+ 42. Ka3 Ba6 43. e6 Bc4 44. Qh8+ Kb7 45. Qg7+ Ka6 46. Qa7+ Kb5 47. Rb1+ Bb3 48. Qxa4+ Kxc5 49. Rc1+ 1-0

[Event "Bundesliga 0203"]
[Site "Germany"]
[Date "2002.11.17"]
[Round "4.5"]
[White "Hansen, Lars Bo"]
[Black "Haskamp, Stephan"]
[Result "1/2-1/2"]
[WhiteElo "2574"]
[BlackElo "2318"]
[PlyCount "49"]
[EventDate "2002.10.19"]
[EventType "team-tourn"]
[EventRounds "15"]
[EventCountry "GER"]
[SourceTitle "EXT 2003"]
[Source "ChessBase"]
[SourceDate "2002.11.25"]
[SourceVersion "1"]
[SourceVersionDate "2002.11.25"]
[SourceQuality "1"]
[WhiteTeam "Luebeck"]
[BlackTeam "Plauen Koenig"]
[WhiteTeamCountry "GER"]
[BlackTeamCountry "GER"]

1. c4 g6 2. Nc3 Bg7 3. g3 c5 4. Bg2 Nc6 5. e3 e6 6. Nge2 Nge7 7. 0-0 0-0 8. d4 cxd4 9. Nxd4 Nxd4 10. exd4 Nf5 11. d5 Rb8 12. Qd3 a6 13. a4 e5 14. d6 b6 15. h4 Bb7 16. Bg5 Qc8 17. Bxb7 Qxb7 18. Nd5 Rfe8 19. Rfe1 Re6 20. Be7 Qc6 21. Ra3 Nd4 22. Nb4 Qa8 23. Nd5 Qc6 24. Nb4 Qa8 25. Nd5 1/2-1/2

[Event "Bundesliga 0102"]
[Site "Germany"]
[Date "2002.04.28"]
[Round "15.7"]
[White "Berger, Steve"]
[Black "Haskamp, Stephan"]
[Result "1/2-1/2"]
[WhiteElo "2311"]
[BlackElo "2310"]
[PlyCount "73"]
[EventDate "2001.10.06"]
[EventType "team-tourn"]
[EventRounds "15"]
[EventCountry "GER"]
[SourceTitle "EXT 2003"]
[Source "ChessBase"]
[SourceDate "2002.11.25"]
[SourceVersion "1"]
[SourceVersionDate "2002.11.25"]
[SourceQuality "1"]
[WhiteTeam "Hamburg Koenigsspringer"]
[BlackTeam "Koenig Plauen"]
[WhiteTeamCountry "GER"]
[BlackTeamCountry "GER"]

1. e4 d6 2. d4 g6 3. Nc3 c6 4. Bc4 Bg7 5. Qf3 e6 6. Nge2 b5 7. Bd3 a6 8. a4 b4 9. Nd1 a5 10. h4 Nf6 11. e5 dxe5 12. dxe5 Nfd7 13. Bf4 Nxe5 14. Bxe5 Bxe5 15. h5 Qf6 16. Qe4 Ba6 17. Bxa6 Rxa6 18. Ne3 Nd7 19. Rd1 Nc5 20. Qc4 Qe7 21. b3 0-0 22. f4 Bg7 23. Rh3 Raa8 24. Kf2 Rad8 25. Rdh1 Rd2 26. hxg6 hxg6 27. Ng4 Rfd8 28. Ne5 R8d5 29. Re3 Qd6 30. Nf3 Bd4 31. Nxd2 Bxe3+ 32. Kxe3 Rxd2 33. Nd4 Rxg2 34. Kf3 Rd2 35. Ke3 Rg2 36. Kf3 Rd2 37. Ke3 1/2-1/2

[Event "Bundesliga 0001"]
[Site "Germany"]
[Date "2001.04.28"]
[Round "14.8"]
[White "Haskamp, Stephan"]
[Black "Van den Doel, Erik"]
[Result "0-1"]
[WhiteElo "2290"]
[BlackElo "2547"]
[PlyCount "74"]
[EventDate "2000.10.14"]
[EventType "team-tourn"]
[EventRounds "15"]
[EventCountry "GER"]
[SourceTitle "CBM 082 Extra"]
[Source "ChessBase"]
[SourceDate "2001.07.03"]
[SourceVersion "1"]
[SourceVersionDate "2001.07.03"]
[SourceQuality "1"]
[WhiteTeam "Koenig Plauen"]
[BlackTeam "Koeln Porz"]
[WhiteTeamCountry "GER"]
[BlackTeamCountry "GER"]

1. e4 c5 2. Nc3 Nc6 3. Bb5 Nd4 4. Nf3 Nxb5 5. Nxb5 d6 6. d4 Nf6 7. 0-0 Bd7 8. Nc3 cxd4 9. Qxd4 e6 10. e5 dxe5 11. Nxe5 Be7 12. Rd1 Bc6 13. Qxd8+ Bxd8 14. Nxc6 bxc6 15. b3 0-0 16. Ba3 Re8 17. Na4 e5 18. c4 e4 19. Bc5 Be7 20. Bxe7 Rxe7 21. Rd6 Rc8 22. Rad1 h5 23. Rd8+ Rxd8 24. Rxd8+ Kh7 25. Nc5 e3 26. fxe3 Rxe3 27. h3 h4 28. a4 a5 29. Rd2 Nh5 30. Rb2 Nf4 31. Nb7 Re1+ 32. Kh2 Nh5 33. g4 hxg3+ 34. Kg2 Re3 35. Kf1 Nf4 36. Nxa5 Rc3 37. Rb1 Rc2 0-1

[Event "Bundesliga 0001"]
[Site "Germany"]
[Date "2001.01.07"]
[Round "5.8"]
[White "Bromberger, Stefan"]
[Black "Haskamp, Stephan"]
[Result "1-0"]
[WhiteElo "2375"]
[BlackElo "2290"]
[PlyCount "59"]
[EventDate "2000.10.14"]
[EventType "team-tourn"]
[EventRounds "15"]
[EventCountry "GER"]
[SourceTitle "CBM 082 Extra"]
[Source "ChessBase"]
[SourceDate "2001.07.03"]
[SourceVersion "1"]
[SourceVersionDate "2001.07.03"]
[SourceQuality "1"]
[WhiteTeam "Tegernsee"]
[BlackTeam "Koenig Plauen"]
[WhiteTeamCountry "GER"]
[BlackTeamCountry "GER"]

1. d4 d6 2. e4 g6 3. Nc3 Bg7 4. Be3 a6 5. Qd2 Nd7 6. 0-0-0 b5 7. f3 Bb7 8. d5 c6 9. dxc6 Bxc6 10. Nge2 h5 11. Nd4 Bb7 12. h3 Ngf6 13. Rg1 Qa5 14. g4 hxg4 15. hxg4 b4 16. Nb1 d5 17. Nb3 Qc7 18. g5 dxe4 19. gxf6 Nxf6 20. Qxb4 Nd5 21. Rxd5 Bxd5 22. fxe4 Bxb3 23. axb3 Qh2 24. Qe1 Qe5 25. Nc3 Qa5 26. Kb1 Rc8 27. Bc4 0-0 28. Rxg6 Rxc4 29. Rg5 Qb4 30. Qg1 1-0

[Event "Bundesliga 9900"]
[Site "Germany"]
[Date "2000.02.20"]
[Round "11.7"]
[White "Haskamp, Stephan"]
[Black "Breutigam, Martin"]
[Result "0-1"]
[WhiteElo "2297"]
[BlackElo "2343"]
[PlyCount "104"]
[EventDate "1999.10.09"]
[EventType "team-tourn"]
[EventRounds "15"]
[EventCountry "GER"]
[SourceTitle "CBM 074 Extra"]
[Source "ChessBase"]
[SourceDate "2000.03.10"]
[SourceVersion "2"]
[SourceVersionDate "2000.03.10"]
[SourceQuality "1"]
[WhiteTeam "Koenig Plauen"]
[BlackTeam "Delmenhorst"]
[WhiteTeamCountry "GER"]
[BlackTeamCountry "GER"]

1. e4 e6 2. Qe2 c5 3. g3 Nc6 4. Bg2 Nge7 5. f4 d5 6. d3 g6 7. Nf3 Bg7 8. c3 b6 9. Na3 Ba6 10. e5 Qc7 11. Bd2 0-0 12. 0-0 Rad8 13. Rac1 Qd7 14. Be1 d4 15. c4 Nf5 16. Bd2 f6 17. exf6 Bxf6 18. Nc2 Bxc4 19. dxc4 d3 20. Qe4 dxc2 21. Rxc2 Ncd4 22. Nxd4 Qxd4+ 23. Kh1 Qxe4 24. Bxe4 Nd4 25. Rc3 Nb3 26. axb3 Rxd2 27. Rc2 Rxc2 28. Bxc2 Bxb2 29. Re1 Kf7 30. Kg2 a6 31. g4 h6 32. Kf3 g5 33. f5 e5 34. Be4 Kf6 35. Bd5 b5 36. Re2 Ba3 37. Ra2 b4 38. Ke4 a5 39. Bc6 Rd8 40. Bd5 h5 41. h3 hxg4 42. hxg4 Rh8 43. Ke3 a4 44. bxa4 Bc1+ 45. Kf2 Rh2+ 46. Bg2 b3 47. Ra1 b2 48. Rb1 e4 49. a5 e3+ 50. Ke1 Rxg2 51. a6 Rd2 52. a7 Rd8 0-1

[Event "Bundesliga 9900"]
[Site "Germany"]
[Date "1999.12.11"]
[Round "5.6"]
[White "Heinbuch, Detlef Ulrich"]
[Black "Haskamp, Stephan"]
[Result "1-0"]
[WhiteElo "2394"]
[BlackElo "2297"]
[PlyCount "95"]
[EventDate "1999.10.09"]
[EventType "team-tourn"]
[EventRounds "15"]
[EventCountry "GER"]
[SourceTitle "CBM 073 Extra"]
[Source "ChessBase"]
[SourceDate "2000.01.11"]
[SourceVersion "1"]
[SourceVersionDate "2000.01.11"]
[SourceQuality "1"]
[WhiteTeam "Godesberg"]
[BlackTeam "Koenig Plauen"]
[WhiteTeamCountry "GER"]
[BlackTeamCountry "GER"]

1. c4 g6 2. g3 Bg7 3. Bg2 d6 4. Nc3 c5 5. Nf3 Nc6 6. 0-0 Qd7 7. a3 b6 8. b3 Bb7 9. Bb2 Nh6 10. e3 Nf5 11. Rb1 0-0 12. Ne2 Bxb2 13. Rxb2 Ne5 14. Nf4 Rad8 15. d3 e6 16. Rd2 Nxf3+ 17. Bxf3 Bxf3 18. Qxf3 d5 19. cxd5 exd5 20. Rb1 a5 21. b4 cxb4 22. axb4 a4 23. b5 Ne7 24. Ra2 Ra8 25. Qd1 a3 26. Qb3 Qd6 27. Rba1 Rfc8 28. Rxa3 Rxa3 29. Rxa3 Rc1+ 30. Kg2 Qc5 31. Ra8+ Kg7 32. Qb2+ Qc3 33. Qxc3+ Rxc3 34. Rb8 g5 35. Ne2 Rxd3 36. Nd4 Kf6 37. Rxb6+ Ke5 38. g4 h6 39. Rxh6 Ng6 40. Nf3+ Kf6 41. h4 gxh4 42. Rh5 Rd1 43. Rf5+ Ke7 44. Nd4 Rd2 45. Rxd5 h3+ 46. Kxh3 Rxf2 47. b6 Rb2 48. Nb5 1-0

[Event "BL2-Ost 9899"]
[Site "Germany"]
[Date "1998.10.18"]
[Round "1.5"]
[White "Haskamp, Stephan"]
[Black "Timpel, Klaus"]
[Result "1-0"]
[WhiteElo "2275"]
[BlackElo "2300"]
[PlyCount "103"]
[EventDate "1998.10.18"]
[EventType "team-tourn"]
[EventRounds "9"]
[EventCountry "GER"]
[SourceTitle "GER-chT2"]
[Source "ChessBase"]
[SourceDate "1999.07.01"]
[SourceVersion "1"]
[SourceVersionDate "1999.07.01"]
[SourceQuality "1"]
[WhiteTeam "Plauen Koenig"]
[BlackTeam "Schoeneck"]
[WhiteTeamCountry "GER"]
[BlackTeamCountry "GER"]

1. d4 g6 2. g3 Bg7 3. Bg2 d6 4. e4 Nf6 5. Nc3 0-0 6. Nge2 Nbd7 7. 0-0 e5 8. h3 a5 9. a4 Re8 10. Re1 c6 11. Be3 Rb8 12. f4 Qc7 13. Qd3 exd4 14. Bxd4 Nc5 15. Qd1 Ne6 16. Ba7 Ra8 17. Bf2 Bd7 18. Qd2 Rad8 19. Rad1 Bc8 20. Nc1 b6 21. Nb3 Bb7 22. Qe3 Nc5 23. Nxc5 dxc5 24. Rxd8 Rxd8 25. Rd1 Rxd1+ 26. Nxd1 Qd7 27. Qe1 h5 28. b3 Bh6 29. Be3 Qe6 30. Nf2 Ne8 31. Qd2 Qd6 32. Qxd6 Nxd6 33. c4 Kf8 34. Kf1 Ke7 35. Ke2 f6 36. g4 hxg4 37. hxg4 Bg7 38. Nd3 Kd7 39. Bf3 Ne8 40. Kd2 Nc7 41. f5 gxf5 42. exf5 Bc8 43. Ke2 Ne8 44. Kf2 Nd6 45. Kg3 Kc7 46. Bf4 Bd7 47. Nf2 Bf8 48. Ne4 Be7 49. Kh4 Be8 50. Bxd6+ Bxd6 51. Nxf6 Be7 52. g5 1-0

[Event "Oberliga Nord W 9798"]
[Site "Germany"]
[Date "1998.03.01"]
[Round "7.1"]
[White "Haskamp, Stephan"]
[Black "Joachim, Sven"]
[Result "1/2-1/2"]
[WhiteElo "2255"]
[BlackElo "2420"]
[PlyCount "45"]
[EventDate "1997.10.??"]
[EventType "team"]
[EventRounds "9"]
[EventCountry "GER"]
[SourceTitle "EXT 2003"]
[Source "ChessBase"]
[SourceDate "2002.11.25"]
[SourceVersion "1"]
[SourceVersionDate "2002.11.25"]
[SourceQuality "1"]
[WhiteTeam "Oesede Georgsmarienhuette"]
[BlackTeam "Braunschweig SF"]
[WhiteTeamCountry "GER"]
[BlackTeamCountry "GER"]

1. e4 c5 2. Nc3 Nc6 3. Nge2 d6 4. g3 g6 5. d4 cxd4 6. Nxd4 Bg7 7. Nde2 Bg4 8. Bg2 Bxc3+ 9. bxc3 Nf6 10. Bh6 Nd7 11. 0-0 Qa5 12. Qb1 Bxe2 13. Qxb7 Rb8 14. Qxc6 Bxf1 15. Bxf1 Kd8 16. Bg7 Rg8 17. Bd4 Ne5 18. Bxe5 Qxe5 19. Rd1 Rc8 20. Qb7 Rc7 21. Qb8+ Rc8 22. Qb7 Rc7 23. Qb8+ 1/2-1/2